| 000 | 01014nam a2200325 c 4500 | ||
|---|---|---|---|
| 003 | BLK | ||
| 005 | 20180420221925.0 | ||
| 008 | 180408b bul|||||r ||||||| ||bul|| | ||
| 010 | _aKNG00052462000 | ||
| 020 |
_a3-411-02701-6 _bиздат.: Meyers Lexikonverl. |
||
| 040 | _aBLK | ||
| 041 |
_aDEU _cDEU |
||
| 080 |
_aМузика _b78 _x(091)(4) _z78(091)(4) |
||
| 700 | 1 |
_aSchnaus, Peter _ehrsg. von _923694 |
|
| 139 |
_aEuropaische Musik in Schlaglichtern _bE 91 |
||
| 245 | 1 | 0 |
_aEuropaische Musik in Schlaglichtern _chrsg. von Peter Schnaus. |
| 257 | _aAUT | ||
| 260 |
_аWien _bMeyers Lexikonverl. _c1990 |
||
| 300 |
_a496 c _c22 cm |
||
| 380 | _a7 | ||
| 650 | 4 |
_aМузика, европейска - история _9282186 |
|
| 653 | _aмузика | ||
| 653 | _aЕвропа | ||
| 653 | _aистория на музиката | ||
| 852 | _aЦб 186332 | ||
| 856 | 4 |
_qpdf _u |
|
| 856 | 4 |
_qpdf _u |
|
| 942 |
_cKNG _n0 |
||
| 944 |
_aCR _c01.01.1999 _kТеодора_Стоянова |
||
| 944 |
_aED _c01.02.2017 _kЛили_Борисова |
||
| 999 |
_c48644 _d48644 |
||